Dinámica de la acción de grupo /
Saved in:
| Main Author: | |
|---|---|
| Format: | Book |
| Language: | Spanish |
| Published: |
México, México
Agencia para el Desarrollo Internacional, A.I.D. Centro Regional de Ayuda Técnica. Herrero Hermanos
1965
|
| Edition: | 1era. edición |
| Subjects: | |
| Tags: |
Add Tag
No Tags, Be the first to tag this record!
|
MARC
| LEADER | 00000nam a22000007a 4500 | ||
|---|---|---|---|
| 003 | cru CIDCACS/IIS | ||
| 005 | 20170909062529.0 | ||
| 008 | 170421b xxu||||| |||| 00| 0 spa d | ||
| 040 | |c cru CIDCACS/IIS | ||
| 090 | |a 05.03.06 H175d | ||
| 100 | 1 | |9 4343 |a Hall, D. M. | |
| 245 | 1 | 0 | |a Dinámica de la acción de grupo / |c Por D.M. Hall; traducción al español de Diego Bugueda |
| 250 | |a 1era. edición | ||
| 260 | |a México, México |b Agencia para el Desarrollo Internacional, A.I.D. Centro Regional de Ayuda Técnica. |b Herrero Hermanos |c 1965 | ||
| 300 | |a 298 páginas | ||
| 500 | |a Colección Alforja | ||
| 650 | 1 | 0 | |9 4344 |a DINAMICA DE GRUPOS |
| 650 | 1 | 0 | |9 196 |a COMUNICACION |
| 650 | 1 | 0 | |9 2519 |a COMUNIDADES |
| 650 | 1 | 0 | |9 2062 |a SOLUCION DE CONFLICTOS |
| 650 | 1 | 0 | |9 4346 |a APTITUDES |
| 942 | |2 ddc |c LI | ||
| 999 | |c 19220 |d 19220 | ||
